00662nam a2200193 a 4500020001800000082001700018100001900035245007100054260005100125300000900176500003500185505005100220650001800271650001800289700001900307942000700326952011800333999001700451 a0874800 00a330.962bALL aAllouche, Adel aMamluk Economics: A Study and Translation of Al-Maqrizi's Ughathah aSalt Lake CitybUniversity of Utah Pressc1994 a162p aincludes index and biblioraphy2 a0epilogue, Notes, Selected Bibliography, Index aEgypt-Economy aEgypt-History1 aAllouche, Adel cBK 001040708StackRoom-aHMIbHMId2008-09-02g460.00l0o330.962 ALLp021013r2008-09-02v460.00w2005-05-24yBK c13728d13728